Relaciones demanda oferta de agua y el índice de escasez de agua como herramientas de evaluación del recurso hídrico colombiano (Registro nro. 16364)

Detalles MARC
000 -CABECERA
Campo de control 006520000a22001690004500
090 ## - CLASIFICACIÓN LOCAL
Colección SERIADAS
041 0# - IDIOMA
Código de idioma para texto/pista de sonido o título separado
044 ## - PAÍS DE PUBLICACIÓN
País de publicación
100 1# - ASIENTO PRINCIPAL--NOMBRE PERSONAL
Nombre personal Domínguez Calle, Efraín Antonio
245 10 - MENCION DE TITULO
Título Relaciones demanda oferta de agua y el índice de escasez de agua como herramientas de evaluación del recurso hídrico colombiano
700 1# - ASIENTO SECUNDARIO - NOMBRE PERSONAL
Nombre personal Rivera, Hebert Gonzalo
700 1# - ASIENTO SECUNDARIO - NOMBRE PERSONAL
Nombre personal Vanegas Sarmiento, Raquel
700 1# - ASIENTO SECUNDARIO - NOMBRE PERSONAL
Nombre personal Moreno, Pedro
773 1# - Item fuente:
Título Revista de la Academia Colombiana de Ciencias Exactas, físicas y naturales
Descripción física 123
Paginas del Articulo 195-212
Lugar, editorial y fecha de publicación 2008
Información sobre la relación 32
942 ## - ELEMENTOS ADICIONALES (KOHA)
Tipo de ítem Artículo

No hay ítems disponibles.